I'm in camp... get me out of here ! / (Record no. 60382)

MARC details
000 -LEADER
fixed length control field 00788nam a22002297a 4500
005 - DATE AND TIME OF LATEST TRANSACTION
control field 20120105144236.0
008 - FIXED-LENGTH DATA ELEMENTS--GENERAL INFORMATION
fixed length control field 120105t xxu||||| |||| 00| 0 eng d
010 ## - LCCN (DPL NO)
LC control number ENG-104610
020 ## - INTERNATIONAL STANDARD BOOK NUMBER
International Standard Book Number 9789380302966
Terms of availability 99.00
020 ## - INTERNATIONAL STANDARD BOOK NUMBER
International Standard Book Number 9380302967
Terms of availability 99.00
035 ## - SYSTEM CONTROL NUMBER
System control number EN-88143
037 ## - SOURCE OF ACQUISITION
Source of stock number/acquisition DBAD/PUB
040 ## - CATALOGING SOURCE
Original cataloging agency DPL
Language of cataloging Eng
082 ## - DEWEY DECIMAL CLASSIFICATION NUMBER
Classification number S
100 ## - MAIN ENTRY--PERSONAL NAME
Personal name Bhasin, Mithali
9 (RLIN) 38337
245 ## - TITLE STATEMENT
Title I'm in camp... get me out of here ! /
Statement of responsibility, etc by Mitali Bhasin
260 ## - PUBLICATION, DISTRIBUTION, ETC. (IMPRINT)
Place of publication, distribution, etc New Delhi
Name of publisher, distributor, etc Mind Melodies
Date of publication, distribution, etc 2011
270 ## - ADDRESS
Address 4735/22, Prakash Deep Building. Ground Floor, Ansari Road, Darya Ganj
City New Delhi
Postal code 110002
300 ## - PHYSICAL DESCRIPTION
Extent 111p.
Dimensions 22cm(pbk)
942 ## - ADDED ENTRY ELEMENTS (KOHA)
Source of classification or shelving scheme Dewey Decimal Classification
Item type English Books
Classification part S
Call number suffix BHA
Holdings
Withdrawn status Lost status Source of classification or shelving scheme Damaged status Not for loan Collection code Home library Current library Date acquired Source of acquisition Cost, normal purchase price Total Checkouts Full call number Barcode Date last seen Copy number Cost, replacement price Koha item type
    Dewey Decimal Classification   Not For Loan Non-fiction D.B.Act.Division D.B.Act.Division 05/01/2012 DBAD/PUB 99.00   S BHA EN-88143 05/01/2012 1 99.00 English Books

© Delhi Public Library
Hit Counter
free hit counter